000 01056nam0a22003011 4500
001 rc\3249822
005 20130115142849.4
021 _aRU
_b72-35461
021 _aRU
_bРг10099-72
035 _a(NLR Aleph) 007380671
090 _a6504695
_c6504695
100 _a20130115d1972 |||y0rusy50 ca
101 0 _arus
102 _aRU
105 _aa z |||||
200 1 _aЧисленный алгоритм решения одной пространственной контактной задачи
210 _aТбилиси
_cИзд-во Тбил. ун-та
_d1972
215 _a37 с., 2 отд. л. программ
_cчерт.
_d20
300 _aПеред загл. авт.: Болквадзе Ж.Д., Гунава Г.В., Лолашвили С.Р. [и др.]
320 _aБиблиогр.: с. 36
701 1 _aГунава
_bГ. В.
701 1 _aЛолашвили
_bС. Р.
701 1 _aБолквадзе
_bЖ. Д.
801 0 _aRU
_bNLR
_gpsbo
801 1 _aRU
_bELAR
_2rusmarc
852 _aNLR
_j72-4/17190
942 _cBOOK
980 _aNB